| 000 | 01510nab a2200217 i 4500 | ||
|---|---|---|---|
| 001 | 768714001 | ||
| 003 | CO-MdFUSB | ||
| 005 | 20240612095108.0 | ||
| 008 | 240612t1959 sp ||||| |||| 00| 0 spa d | ||
| 040 |
_bspa _cCO-MdFUSB _dCO-MdFUSB |
||
| 041 | _aspa | ||
| 100 |
_aTurrado, Lorenzo, _d1910-2003 _eautor |
||
| 245 | 3 |
_aLa iglesia en los Hechos de los Apóstoles _c/ Lorenzo Turrado |
|
| 520 | _aEl tema es de suma importancia. Ningún otro libro, como el de los Hechos, nos suministra material tan abundante y de primera mano sobre los primeros pasos de Ia vida de Ia Iglesia. Las mismas cartas de San Pablo, con ser también de valor incalculable bajo este aspecto, suponen ya esa Iglesia constituida y en marcha, aparte de que las cartas, por su misma naturaleza, dejan muchos huecos sin llenar, encaminadas como están hacia Io doctrinal y no hacia Io histórico. Es el libro de los Hechos el que nos permite formar una idea más completa del nacimiento de Ia Iglesia y de su maravilloso desarrollo. Su estudio es complemento necesario del de los Evangelios. En éstos se nos dice cómo concebía Cristo a su Iglesia | ||
| 630 | 0 | 7 |
_aBiblia. _pHechos _xCrítica, interpretación, etc. |
| 650 | 0 |
_aHistoria de la Iglesia _9153 |
|
| 650 | 7 |
_aHermenéutica bíblica _97333 |
|
| 773 | 0 |
_070126 _982747 _dSalamanca, España : _oR2622 _tSalmanticensis _w(CO-MdFUSB)768714001 _gVolumen 6, (fascículo 1, 1959) páginas: 3 - 35 _qpágina: 3 |
|
| 942 | _cANA | ||
| 945 | _aCatherine Arias Álvarez - Practicante SENA | ||
| 999 |
_c70147 _d70147 |
||